|
|
|
|
| LEADER |
01289nam a2200241 a 4500 |
| 001 |
GR-Patra682 |
| 008 |
991022s1975 gr 000 0 gre d |
| 040 |
|
|
|a GrPaTEI
|b gre
|c GR-PaULI
|
| 245 |
0 |
0 |
|a Εγχειρίδιον της ουρολογίας :
|b Προς χρήσιν των γενικών ιατρών και σπουδαστών.
|
| 250 |
|
|
|a 2η έκδ.
|
| 260 |
|
|
|a Αθήνα :
|b Παρισιάνος,
|c 1975
|
| 300 |
|
|
|a 296σ. :
|b εικ.
|
| 650 |
|
4 |
|a ΟΥΡΟΛΟΓΙΑ
|
| 650 |
|
4 |
|a ΟΥΡΟΛΟΓΙΑ
|
| 700 |
1 |
|
|a Alken, Carl-Erich
|
| 700 |
1 |
|
|a Νηφόρος, Δ. Ν.
|
| 710 |
0 |
|
|a Παρισιάνος
|
| 942 |
|
|
|2 ddc
|
| 952 |
|
|
|0 1
|1 0
|2 ddc
|4 0
|6 616_600000000000000_ALK
|7 0
|9 281669
|a LISK
|b LISK
|c BSC
|d 2021-01-17
|e 24
|f 0
|g 0.00
|l 0
|o 616.6 ALK
|p 924100627
|r 2021-01-17 00:00:00
|t 1
|w 2021-01-17
|y BK15
|x 19991024 0 1
|x GrPaTEI
|
| 952 |
|
|
|0 1
|1 0
|2 ddc
|4 0
|6 616_600000000000000_ALK
|7 0
|9 281670
|a LISK
|b LISK
|c BSC
|d 2021-01-17
|e 24
|f 0
|g 0.00
|l 0
|o 616.6 ALK
|p 9241006997
|r 2021-01-17 00:00:00
|t 1
|w 2021-01-17
|y BK15
|x 19991024 0 1
|x GrPaTEI
|
| 952 |
|
|
|0 0
|1 0
|2 ddc
|4 0
|6 616_600000000000000_ALK
|7 0
|9 281671
|a LISK
|b LISK
|c BSC
|d 2021-01-17
|e 24
|f 0
|g 0.00
|l 0
|o 616.6 ALK
|p 924100628
|r 2021-01-17 00:00:00
|t 1
|w 2021-01-17
|y BK15
|x 19991024 0 1
|x GrPaTEI
|
| 971 |
|
|
|a .b26481790
|b 15-04-20
|c 23-09-16
|
| 999 |
|
|
|c 163958
|d 163958
|